000 00764nam a2200241Ia 4500
003 OSt
005 20220925204810.0
006 a|||||r|||| 00| 0
007 ta
008 220923b |||||||| |||| 00| 0 eng d
020 _a8188789186
_c170
037 _b889, 18/03/2013, Pranami Book Service
_cGeneral Book
040 _aRTL
_cRTL
_beng
041 _2eng
_aeng
082 _aY72.2, P4
100 _aRATNAGAR Shereen
245 0 _aOther Indians
_b Essays on pastoralists and prehistoric tribal people.
260 _aGurgaon
_bThree Essays Collective
_c2004
300 _axii, 109p.
_ccm.
650 _aSociology
942 _hY72.2, P4
_cGB
_2CC
999 _c550444
_d550444